| 000 | 00420cam a2200169ua 4500 | ||
|---|---|---|---|
| 020 | _cRs.10.00 | ||
| 041 |
_amal _h |
||
| 082 |
_a894.8121 _bMAT/VI |
||
| 100 | _aMattan Tharakan, Puthenkavu . | ||
| 245 |
_aViswadeepam:Mahakavyam _hTextual Documents |
||
| 260 |
_aPathanamthitta : _bAsian book stall , _c1965. |
||
| 300 | _a560 ; . | ||
| 365 | _aRs.10.00 | ||
| 504 | _a | ||
| 942 | _cBK | ||
| 999 |
_c603 _d603 |
||